| 000 | 01717nmc a2200517 a 4500 | ||
|---|---|---|---|
| 003 | AR-BaBNM | ||
| 005 | 20251128211449.0 | ||
| 008 | 314020s2001 ||||||||||||||000 | spa|| | ||
| 020 | _a987-9296-05-2 | ||
| 040 | _cAR-BaBNM | ||
| 100 | 1 |
_aCossettini, Olga _d1898-1987 |
|
| 245 | 1 | 0 | _aObras completas |
| 260 |
_aSanta Fe _bEdiciones AMSAFE _c2001 |
||
| 300 | 0 |
_a653 p. _bfot., il. |
|
| 490 | 0 |
_aColección Mayor _vv. 1 |
|
| 505 |
_tSobre un ensayo de Escuela Serena en la provincia de Santa Fe _rCossettini, Olga |
||
| 505 |
_tEscuela serena : apuntes de una maestra _rCossettini, Olga |
||
| 505 |
_tEl niño y su expresión _rCossettini, Olga |
||
| 505 |
_tEl lenguaje y la lectura en primer grado _rCossettini, Olga |
||
| 505 |
_tLa educación popular en Inglaterra, Francia e Italia _rCossettini, Olga |
||
| 505 |
_tLa enseñanza de la lengua en la escuela primaria _rCossettini, Olga |
||
| 505 |
_tTeatro de niños _rCossettini, Leticia |
||
| 505 |
_tDel juego al arte infantil _rCossettini, Leticia |
||
| 610 | 2 | 4 | _aEscuela Serena [Agno] |
| 650 | 4 | _aHISTORIA DE LA EDUCACION | |
| 650 | 4 | _aORGANIZACION ESCOLAR | |
| 650 | 4 | _aDISCIPLINA ESCOLAR | |
| 650 | 4 | _aJUEGO | |
| 650 | 4 | _aEDUCACION ARTISTICA | |
| 651 | 4 | _aArgentina | |
| 651 | 4 | _aSanta Fe | |
| 651 | 4 | _aItalia | |
| 651 | 4 | _aFrancia | |
| 651 | 4 | _aInglaterra | |
| 653 | 0 | _aTRABAJO MANUAL | |
| 653 | 0 | _aESCUELA NUEVA | |
| 653 | 0 | _aESTRATEGIAS DIDACTICAS | |
| 653 | 0 | _aEXPERIENCIAS EDUCATIVAS | |
| 653 | 0 | _aENSENANZA DE LA LENGUA | |
| 653 | 0 | _aENSENANZA DE LAS CIENCIAS NATURALES | |
| 653 | 0 | _aEDUCACION PRIMARIA | |
| 653 | 0 | _aEDUCACION POPULAR | |
| 700 | 1 | _aCossettini, Leticia | |
| 942 | _cBK | ||
| 998 | _craquel | ||
| 999 |
_c19765 _d19765 |
||